The project manager's desk referance : (Record no. 69667)

MARC details
000 -LEADER
fixed length control field 00856nam a2200253 i 4500
001 - CONTROL NUMBER
control field C2-0257966
003 - CONTROL NUMBER IDENTIFIER
control field PPAK
005 - DATE AND TIME OF LATEST TRANSACTION
control field 20180727224748.0
008 - FIXED-LENGTH DATA ELEMENTS--GENERAL INFORMATION
fixed length control field 040827s2002 my |||| ||||| | eng d
020 ## - INTERNATIONAL STANDARD BOOK NUMBER
International Standard Book Number 9837200790
040 ## - CATALOGING SOURCE
Original cataloging agency PPAK
Language of cataloging eng
Transcribing agency PPAK
Description conventions rda
082 04 - DEWEY DECIMAL CLASSIFICATION NUMBER
Classification number 658.404
Edition number 23
090 00 - LOCALLY ASSIGNED LC-TYPE CALL NUMBER (OCLC); LOCAL CALL NUMBER (RLIN)
Classification number (OCLC) (R) ; Classification number, CALL (RLIN) (NR) 658.404
Feature heading LEW
Feature heading G
100 1# - MAIN ENTRY--PERSONAL NAME
Personal name Lewis, James P.,
Relator term author
245 14 - TITLE STATEMENT
Title The project manager's desk referance :
Remainder of title a comprehensive guide to project planning, scheduling, evaluation, control and systems
264 #1 - PRODUCTION, PUBLICATION, DISTRIBUTION, MANUFACTURE, AND COPYRIGHT NOTICE
Place of production, publication, distribution, manufacture Kuala Lumpur :
Name of producer, publisher, distributor, manufacturer Golden Books Centre ,
Date of production, publication, distribution, manufacture, or copyright notice 2002
300 ## - PHYSICAL DESCRIPTION
Extent xxiii, 512 pages ;
Dimensions 23 cm
336 ## - CONTENT TYPE
Source rdacontent
Content type term text
337 ## - MEDIA TYPE
Source rdamedia
Media type term unmediated
338 ## - CARRIER TYPE
Source rdacarrier
Carrier type term volume
500 ## - GENERAL NOTE
General note Includes index
650 10 - SUBJECT ADDED ENTRY--TOPICAL TERM
Topical term or geographic name entry element Industrial development projects - Planning ; Industrial development projects - Management
942 ## - ADDED ENTRY ELEMENTS (KOHA)
-- dc
Koha item type Book
Holdings
Withdrawn Not for loan Current library Shelving location Date acquired Full call number Barcode Date last seen Koha item type
    Perpustakaan Alor Setar Pinjaman Dewasa 20/04/2009 658.404 LEW A01282962 08/05/2018 Book
    Perpustakaan Awam Sungai Petani Pinjaman Dewasa 20/04/2009 658.404 LEW A01282963 08/05/2018 Book
    Perpustakaan Baling Pinjaman Dewasa 20/04/2009 658.404 LEW A01282965 08/05/2018 Book
    Perpustakaan Bandar Baharu Pinjaman Dewasa 20/04/2009 658.404 LEW A01282967 08/05/2018 Book
    Perpustakaan Jitra Pinjaman Dewasa 20/04/2009 658.404 LEW A01282964 08/05/2018 Book
    Perpustakaan Kulim Pinjaman Dewasa 25/09/2004 658.404 LEW A01058157 08/05/2018 Book
    Perpustakaan Merbok Pinjaman Dewasa 20/04/2009 658.404 LEW A01282972 08/05/2018 Book
    Perpustakaan Pendang Pinjaman Dewasa 20/04/2009 658.404 LEW A01282973 08/05/2018 Book
    Perpustakaan Sik Pinjaman Dewasa 20/04/2009 658.404 LEW A01282969 08/05/2018 Book
    Perpustakaan Yan Pinjaman Dewasa 20/04/2009 658.404 LEW A01282968 08/05/2018 Book
    PD06, Kg. Kepala Bukit, Pendang Pinjaman Dewasa 20/04/2009 658.404 LEW A01282974 08/05/2018 Book